000 00650nam a2200205Ii 4500
003 JO-AjNU
008 230605s9999||||xx |||||||||||||| ||und||
040 _aJO-AjNU
_bara
_erda
_cJO-AjNU
041 _aara
050 1 4 _aPJ6576 2005
100 3 _aالجعفيري، فاطمة سوزان,
_eauthor
_911916
245 0 0 _aموسوعة الأسماء العربية
250 _aط1
264 3 1 _aدمشق: دار غار حراء، 2005
300 _a151ص
336 _atext
_btxt
_2rdacontent
337 _aunmediated
_bn
_2rdamedia
338 _avolume
_bnc
_2rdacarrier
650 4 _aاللغة العربية - موسوعات - أسماء
_911917
999 _aA2570
_c6138
_d6138